000 00453nam a2200181Ia 4500
001 13044
005 20260306163025.0
008 260306t2008||||xx |||||||||||||| ||spa||
041 _aESP
082 _aRD 658.3
_bA43
100 _aAlles, Martha Alicia
_eAUT
245 0 _aDiccionario de preguntas:
_bgestión por competencias
260 _c2008
300 _a280 páginas :
_c23 cm.
650 _aGEN
654 _aCAN
942 _cDIC
_dJUS
_fJUS
_2ddc
_n
999 _c13044
_d13044